Entrenamiento con balón de fuerza : (Registro nro. 12868)

000 -CABECERA
campo de control de longitud fija 01356cam a2200289 a 4500
001 - NÚMERO DE CONTROL
campo de control 1235450
003 - IDENTIFICADOR DEL NÚMERO DE CONTROL
campo de control OSt
005 - FECHA Y HORA DE LA ÚLTIMA TRANSACCIÓN
campo de control 20210127105951.0
008 - DATOS DE LONGITUD FIJA--INFORMACIÓN GENERAL
campo de control de longitud fija 091125s2009 sp a gr 00010 spa d
020 ## - NÚMERO INTERNACIONAL ESTÁNDAR DEL LIBRO
Número Internacional Estándar del Libro 9788496111684
040 ## - FUENTE DE LA CATALOGACIÓN
Centro catalogador/agencia de origen CO-BoBLA
Lengua de catalogación spa
Centro/agencia transcriptor CO-BoBLA
082 04 - NÚMERO DE LA CLASIFICACIÓN DECIMAL DEWEY
Número de clasificación 790
Número de documento/Ítem G65e
100 1# - ENTRADA PRINCIPAL--NOMBRE DE PERSONA
Nombre de persona Goldenberg, Lorne,
Fechas asociadas al nombre 1962-
245 10 - MENCIÓN DE TÍTULO
Título Entrenamiento con balón de fuerza :
Resto del título serie completa de ejercicios con balón de estabilidad y balón medicinal /
Mención de responsabilidad, etc. Lorne Goldenberg, Peter Twist ; traducción Blanca González Villegas.
260 3# - PUBLICACIÓN, DISTRIBUCIÓN, ETC.
Lugar de publicación, distribución, etc. Móstoles :
Nombre del editor, distribuidor, etc. Arkano Books,
Fecha de publicación, distribución, etc. 2009.
300 ## - DESCRIPCIÓN FÍSICA
Extensión 311 p. :
Otras características físicas il. ;
Dimensiones 23 cm. +
Material acompañante/anejo 1 DVD.
504 ## - NOTA DE BIBLIOGRAFÍA, ETC.
Nota de bibliografía, etc. Incluye bibliografía.
505 0# - NOTA DE CONTENIDO CON FORMATO
Nota de contenido con formato Las ventajas del balón de fuerza ; El entrenamiento con balón de fuerza ; Estabilización del tronco ; Rotación del tronco ; Piernas y caderas ; Pecho ; Hombros y parte superior de la espalda ; Abdominales, zona lumbar y glúteos ; Bíceps, tríceps y antebrazos ; Todo el cuerpo ; Flexibilidad ; Programas con balón de fuerza
530 ## - NOTA DE FORMATO FÍSICO ADICIONAL DISPONIBLE
Nota de formato físico adicional disponible Incluye DVD con ejercicios.
534 ## - NOTA SOBRE LA VERSIÓN ORIGINAL
Frase introductoria T�tulo original :
Mención de título del original Strength ball training.
650 ## - PUNTO DE ACCESO ADICIONAL DE MATERIA--TÉRMINO DE MATERIA
Término de materia o nombre geográfico como elemento de entrada Entrenamiento deportivo.
650 ## - PUNTO DE ACCESO ADICIONAL DE MATERIA--TÉRMINO DE MATERIA
Término de materia o nombre geográfico como elemento de entrada Juegos de pelota
Subdivisión general Efectos fisiológicos.
650 ## - PUNTO DE ACCESO ADICIONAL DE MATERIA--TÉRMINO DE MATERIA
Término de materia o nombre geográfico como elemento de entrada Juegos de pelota.
700 1# - PUNTO DE ACCESO ADICIONAL--NOMBRE DE PERSONA
Nombre de persona Gonz�lez Villegas, Blanca,
Término indicativo de función/relación tr.
942 ## - ELEMENTOS DE PUNTO DE ACCESO ADICIONAL (KOHA)
Fuente del sistema de clasificación o colocación
Tipo de ítem Koha Libro
949 ## - PROCESAMIENTO DE INFORMACIÓN LOCAL (OCLC)
a n
b n
Existencias
Estado de retiro Estado de pérdida Fuente del sistema de clasificación o colocación Estado dañado No para préstamo Código de colección Localización permanente Ubicación/localización actual Fecha de adquisición Fuente de adquisición Número de inventario Total de préstamos Signatura topográfica completa Código de barras Fecha visto por última vez Número de copia Precio válido a partir de Tipo de ítem Koha Nota pública Renovaciones totales Fecha del último préstamo
          Colección General Biblioteca Pública San Juan Bosco Biblioteca Pública San Juan Bosco 27/01/2021 Compra nt   790 G65e MOS500562 23/06/2021 ej 1 27/01/2021 Libro Quince dias    
          Colección General Biblioteca Pública San Juan Bosco Biblioteca Pública San Juan Bosco 27/01/2021 Compra nt 1 790 G65e MOS500563 28/01/2026 ej 2 27/01/2021 Libro Quince dias 1 28/01/2026

© Todos los derechos reservados para la Biblioteca Pública Municipal San Juan Bosco, 2020
Secretaria de Cultura de Mosquera
Carrera 3 N° 10 Esquina Centro Cultural Barrio El Carmén Teléfono: 8270830 Ext: 34
Funcionando con KOHA
Contacto: Biblioteca Pública Municipal San Juan Bosco/ bibliotecasanjuanbosco@mosquera-cundinamarca.gov.co
Mosquera, Cundinamarca